000 00716nas a2200241 4500
001 BR2010004428
003 BR-BrBNA
005 20231205114740.0
007 ta
008 230509b bl.|||p| |||| 00| 00por d
040 _aBR-BrBNA
_bpor
_cBiblioteca Nacional de Agricultura
041 _a(Pt)
072 _aL70
100 1 _aRuel, Y.
100 1 _aCheuiche, A.J. de V.
245 1 _aTécnicas de diagnóstico por imagens em gastroenterologia
650 _aVETERINÁRIA
650 _aDIAGNÓSTICO
650 _aRADIOGRAFIA
773 0 _tA Hora Veterinária (Brazil)
_xISSN 0101-9163
_g(Jul-Aug 2010), v. 30(176) p. 30-32
_wBR2010004428
909 _a202311
_bLúcia
_c55
_dLúcia Elande
942 _2AGRIS
_n0
_cANA
999 _c210282
_d210282